00636 2200229 4500001002100000005001500021035002000036007000300056008004100059020001800100082001000118084001600128100002700144245008300171250001000254260002900264300003700293650001900330700002100349504002500370990001100395INLIS00000000000349020190527092830 a0010-0519000081ta190527 g 0 ind  a979-683-866-4 a155.4 a155.4 WIW p0 aWIWIEN, Dinar Pratisti1 aPsikologi Anak Usia Dini /cWiwien Dinar Pratisti; penyunting, Bambang Sarwiji acet.1 aJakarta :bIndeks,c2008 avii, 106 hlm. :bilus. ;c25 cm. 4aPSIKOLOGI ANAK0 aBAMBANG, Sarwiji aTermasuk Bibliografi a6230 a